[Event "ODJM B 2024"]
[Site "Willingen GER"]
[Date "2024.05.24"]
[Round "8"]
[White "Reuter, Luca Marek"]
[Black "Müller, Maximilian"]
[Result "1-0"]
[Termination "normal"]
[Board "25"]
[WhiteElo "1739"]
[BlackElo "1583"]
[WhiteClock "01:05:32"]
[BlackClock "00:46:17"]
[PlyCount "41"]
[WhiteFideId "16226712"]
[BlackFideId "34640282"]
[EventCountry "GER"]
[EventRounds "9"]
[EventType "swiss"]
[EventDate "2024.05.18"]

1. e4 {[%clk 01:29:55]} {[%emt 00:01:04]} c5 {[%clk 01:30:53]} {[%emt
00:00:07]} 2. a3 {[%clk 01:30:08]} {[%emt 00:00:18]} Nc6 {[%clk 01:29:12]}
{[%emt 00:02:11]} 3. b4 {[%clk 01:30:34]} {[%emt 00:00:05]} cxb4 {[%clk
01:29:19]} {[%emt 00:00:22]} 4. axb4 {[%clk 01:31:01]} {[%emt 00:00:03]} Nxb4
{[%clk 01:28:49]} {[%emt 00:01:00]} 5. d4 {[%clk 01:29:54]} {[%emt 00:01:38]}
e6 {[%clk 01:25:34]} {[%emt 00:03:44]} 6. c3 {[%clk 01:30:08]} {[%emt
00:00:17]} Nc6 {[%clk 01:25:32]} {[%emt 00:00:31]} 7. d5 {[%clk 01:30:10]}
{[%emt 00:00:29]} exd5 {[%clk 01:25:14]} {[%emt 00:00:48]} 8. exd5 {[%clk
01:30:35]} {[%emt 00:00:05]} Ne5 {[%clk 01:25:23]} {[%emt 00:00:19]} 9. d6
{[%clk 01:24:18]} {[%emt 00:06:48]} Qf6 {[%clk 01:23:57]} {[%emt 00:01:55]} 10.
Ba3 {[%clk 01:24:25]} {[%emt 00:00:25]} Qe6 {[%clk 01:22:29]} {[%emt 00:01:57]}
11. Be2 {[%clk 01:22:41]} {[%emt 00:02:14]} Nc4 {[%clk 01:17:35]} {[%emt
00:05:24]} 12. Nf3 {[%clk 01:21:59]} {[%emt 00:01:12]} Nxa3 {[%clk 01:16:28]}
{[%emt 00:01:37]} 13. Nxa3 {[%clk 01:22:22]} {[%emt 00:00:08]} Qxd6 {[%clk
01:15:36]} {[%emt 00:01:21]} 14. Qa4 {[%clk 01:20:55]} {[%emt 00:01:57]} a6
{[%clk 01:10:18]} {[%emt 00:05:48]} 15. O-O {[%clk 01:20:41]} {[%emt 00:00:44]}
Qc6 {[%clk 01:09:42]} {[%emt 00:01:07]} 16. Nb5 {[%clk 01:18:10]} {[%emt
00:03:00]} Rb8 {[%clk 00:55:15]} {[%emt 00:14:57]} 17. Rfe1 {[%clk 01:15:42]}
{[%emt 00:02:57]} Be7 {[%clk 00:49:19]} {[%emt 00:06:26]} 18. Qf4 {[%clk
01:13:58]} {[%emt 00:02:15]} d6 {[%clk 00:47:21]} {[%emt 00:02:28]} 19. Nxd6+
{[%clk 01:05:40]} {[%emt 00:08:48]} Qxd6 {[%clk 00:45:54]} {[%emt 00:01:56]}
20. Bb5+ {[%clk 01:05:10]} {[%emt 00:01:01]} Kf8 {[%clk 00:46:17]} {[%emt
00:00:07]} 21. Qxd6 {[%clk 01:05:32]} {[%emt 00:00:08]} 1-0

[Event "ODJM B 2024"]
[Site "Willingen GER"]
[Date "2024.05.24"]
[Round "8"]
[White "Böttcher, Tim"]
[Black "Ziem, Ole"]
[Result "0-1"]
[Termination "normal"]
[Board "26"]
[WhiteElo "1699"]
[BlackElo "1636"]
[WhiteClock "00:31:27"]
[BlackClock "00:55:18"]
[PlyCount "64"]
[WhiteFideId "16278550"]
[BlackFideId "34624791"]
[EventCountry "GER"]
[EventRounds "9"]
[EventType "swiss"]
[EventDate "2024.05.18"]

1. e4 {[%clk 01:30:58]} {[%emt 00:00:01]} e5 {[%clk 01:30:42]} {[%emt
00:00:19]} 2. Nf3 {[%clk 01:31:05]} {[%emt 00:00:22]} Nc6 {[%clk 01:30:54]}
{[%emt 00:00:17]} 3. Bc4 {[%clk 01:31:03]} {[%emt 00:00:33]} Nf6 {[%clk
01:30:40]} {[%emt 00:00:43]} 4. d3 {[%clk 01:29:43]} {[%emt 00:01:51]} Be7
{[%clk 01:29:56]} {[%emt 00:01:14]} 5. O-O {[%clk 01:27:59]} {[%emt 00:02:14]}
d6 {[%clk 01:29:30]} {[%emt 00:00:57]} 6. c3 {[%clk 01:27:00]} {[%emt
00:01:28]} Bg4 {[%clk 01:29:20]} {[%emt 00:00:40]} 7. Nbd2 {[%clk 01:25:21]}
{[%emt 00:02:09]} O-O {[%clk 01:29:07]} {[%emt 00:00:44]} 8. Qc2 {[%clk
01:22:53]} {[%emt 00:02:57]} d5 {[%clk 01:25:25]} {[%emt 00:04:14]} 9. exd5
{[%clk 01:20:09]} {[%emt 00:03:13]} Nxd5 {[%clk 01:25:40]} {[%emt 00:00:15]}
10. Bxd5 {[%clk 01:19:54]} {[%emt 00:00:45]} Qxd5 {[%clk 01:25:57]} {[%emt
00:00:13]} 11. c4 {[%clk 01:20:15]} {[%emt 00:00:09]} Qd7 {[%clk 01:25:35]}
{[%emt 00:00:51]} 12. Qa4 {[%clk 01:16:56]} {[%emt 00:03:50]} Qxd3 {[%clk
01:23:00]} 13. Re1 {[%clk 01:12:34]} {[%emt 00:07:56]} Bf6 {[%clk 01:15:24]}
{[%emt 00:08:07]} 14. Re3 {[%clk 01:11:45]} {[%emt 00:01:17]} Qf5 {[%clk
01:14:02]} {[%emt 00:01:51]} 15. Ne4 {[%clk 01:07:24]} {[%emt 00:04:53]} Rad8
{[%clk 01:11:53]} {[%emt 00:02:39]} 16. Qc2 {[%clk 00:58:51]} {[%emt 00:09:04]}
Nd4 {[%clk 01:08:25]} {[%emt 00:03:58]} 17. Nxd4 {[%clk 00:58:45]} {[%emt
00:00:35]} Rxd4 {[%clk 01:07:32]} {[%emt 00:01:23]} 18. f3 {[%clk 00:55:24]}
{[%emt 00:03:51]} Rfd8 {[%clk 01:06:25]} {[%emt 00:01:37]} 19. Re1 {[%clk
00:55:42]} {[%emt 00:00:13]} Bxf3 {[%clk 01:05:09]} {[%emt 00:01:45]} 20. gxf3
{[%clk 00:54:13]} {[%emt 00:02:00]} Qxf3 {[%clk 01:05:34]} {[%emt 00:00:05]}
21. Nxf6+ {[%clk 00:54:18]} {[%emt 00:00:25]} Qxf6 {[%clk 01:05:23]} {[%emt
00:00:41]} 22. Qg2 {[%clk 00:54:18]} {[%emt 00:00:28]} Qe6 {[%clk 01:03:20]}
{[%emt 00:02:32]} 23. Qxb7 {[%clk 00:47:58]} {[%emt 00:06:52]} Rg4+ {[%clk
01:03:33]} {[%emt 00:00:16]} 24. Kh1 {[%clk 00:48:12]} {[%emt 00:00:17]} Qxc4
{[%clk 01:01:13]} {[%emt 00:02:50]} 25. b3 {[%clk 00:45:40]} {[%emt 00:03:03]}
Qc2 {[%clk 00:58:54]} {[%emt 00:02:35]} 26. Qf3 {[%clk 00:42:59]} {[%emt
00:03:23]} Rh4 {[%clk 00:56:19]} {[%emt 00:03:06]} 27. Qg3 {[%clk 00:37:48]}
{[%emt 00:05:40]} Rdd4 {[%clk 00:53:56]} {[%emt 00:02:53]} 28. Qxe5 {[%clk
00:36:20]} {[%emt 00:01:59]} Qc6+ {[%clk 00:54:16]} {[%emt 00:00:10]} 29. Kg1
{[%clk 00:31:50]} {[%emt 00:05:00]} Rhg4+ {[%clk 00:54:34]} {[%emt 00:00:12]}
30. Kf2 {[%clk 00:31:14]} {[%emt 00:01:06]} Qg2+ {[%clk 00:54:55]} {[%emt
00:00:09]} 31. Ke3 {[%clk 00:31:13]} {[%emt 00:00:30]} Rge4+ {[%clk 00:55:05]}
{[%emt 00:00:20]} 32. Qxe4 {[%clk 00:31:27]} {[%emt 00:00:16]} Rxe4+ {[%clk
00:55:18]} {[%emt 00:00:17]} 0-1

[Event "ODJM B 2024"]
[Site "Willingen GER"]
[Date "2024.05.24"]
[Round "8"]
[White "Wolterink, Jule"]
[Black "Mahr, Thorben"]
[Result "0-1"]
[Termination "normal"]
[Board "27"]
[WhiteElo "1728"]
[BlackElo "1496"]
[WhiteClock "00:32:31"]
[BlackClock "01:20:06"]
[PlyCount "40"]
[WhiteFideId "12981206"]
[BlackFideId "34699589"]
[EventCountry "GER"]
[EventRounds "9"]
[EventType "swiss"]
[EventDate "2024.05.18"]

1. d4 {[%clk 01:30:59]} d5 {[%clk 01:30:49]} {[%emt 00:00:11]} 2. Nf3 {[%clk
01:31:21]} {[%emt 00:00:08]} Nf6 {[%clk 01:31:13]} {[%emt 00:00:06]} 3. c3
{[%clk 01:31:46]} {[%emt 00:00:06]} e6 {[%clk 01:31:39]} {[%emt 00:00:04]} 4.
Bf4 {[%clk 01:32:12]} {[%emt 00:00:04]} Bd6 {[%clk 01:31:53]} {[%emt 00:00:15]}
5. e3 {[%clk 01:32:26]} {[%emt 00:00:16]} c5 {[%clk 01:31:45]} {[%emt
00:00:39]} 6. Bb5+ {[%clk 01:31:22]} {[%emt 00:01:34]} Nc6 {[%clk 01:31:59]}
{[%emt 00:00:16]} 7. Ne5 {[%clk 01:25:11]} {[%emt 00:06:40]} Qb6 {[%clk
01:30:35]} {[%emt 00:01:53]} 8. Qa4 {[%clk 01:14:04]} {[%emt 00:11:38]} Bxe5
{[%clk 01:29:46]} {[%emt 00:01:18]} 9. Bxe5 {[%clk 01:13:40]} {[%emt 00:00:55]}
Ne4 {[%clk 01:29:40]} {[%emt 00:00:35]} 10. O-O {[%clk 01:11:00]} {[%emt
00:03:11]} O-O {[%clk 01:29:12]} {[%emt 00:00:58]} 11. Bf4 {[%clk 01:10:33]}
{[%emt 00:00:57]} a6 {[%clk 01:29:01]} {[%emt 00:00:41]} 12. Bxc6 {[%clk
01:10:41]} {[%emt 00:00:22]} Qxb2 {[%clk 01:28:57]} {[%emt 00:00:35]} 13. f3
{[%clk 01:02:32]} {[%emt 00:08:38]} Qxa1 {[%clk 01:27:00]} {[%emt 00:02:28]}
14. Qc2 {[%clk 00:57:03]} {[%emt 00:05:59]} Nf6 {[%clk 01:19:25]} {[%emt
00:08:05]} 15. Bd6 {[%clk 00:40:05]} {[%emt 00:17:27]} bxc6 {[%clk 01:19:11]}
{[%emt 00:00:44]} 16. Bxf8 {[%clk 00:40:31]} {[%emt 00:00:04]} Rb8 {[%clk
01:19:29]} {[%emt 00:00:12]} 17. Bxc5 {[%clk 00:40:47]} {[%emt 00:00:15]} Rb2
{[%clk 01:19:45]} {[%emt 00:00:12]} 18. Qd3 {[%clk 00:34:33]} {[%emt 00:06:45]}
Qxa2 {[%clk 01:20:01]} {[%emt 00:00:14]} 19. Rd1 {[%clk 00:32:09]} {[%emt
00:02:55]} Rxg2+ {[%clk 01:20:19]} {[%emt 00:00:11]} 20. Kf1 {[%clk 00:32:31]}
{[%emt 00:00:08]} Qf2# {[%clk 01:20:06]} {[%emt 00:00:11]} 0-1

[Event "ODJM B 2024"]
[Site "Willingen GER"]
[Date "2024.05.24"]
[Round "8"]
[White "Pflug, Anton"]
[Black "Studzinski, Bruno"]
[Result "0-1"]
[Termination "normal"]
[Board "28"]
[WhiteElo "1655"]
[BlackElo "1815"]
[WhiteClock "00:00:53"]
[BlackClock "00:02:38"]
[PlyCount "80"]
[WhiteFideId "34611495"]
[BlackFideId "16296478"]
[EventCountry "GER"]
[EventRounds "9"]
[EventType "swiss"]
[EventDate "2024.05.18"]

1. e4 {[%clk 01:30:56]} {[%emt 00:00:03]} e5 {[%clk 01:30:57]} {[%emt
00:00:03]} 2. Nf3 {[%clk 01:31:20]} {[%emt 00:00:06]} Nf6 {[%clk 01:31:23]}
{[%emt 00:00:05]} 3. Nxe5 {[%clk 01:30:45]} {[%emt 00:01:05]} d6 {[%clk
01:31:52]} {[%emt 00:00:01]} 4. Nf3 {[%clk 01:31:04]} {[%emt 00:00:10]} Nxe4
{[%clk 01:32:18]} {[%emt 00:00:05]} 5. Nc3 {[%clk 01:31:26]} {[%emt 00:00:08]}
Nxc3 {[%clk 01:30:41]} {[%emt 00:02:06]} 6. dxc3 {[%clk 01:31:51]} {[%emt
00:00:06]} Be7 {[%clk 01:30:17]} {[%emt 00:00:53]} 7. Be3 {[%clk 01:31:21]}
{[%emt 00:01:01]} Nd7 {[%clk 01:25:41]} {[%emt 00:05:05]} 8. Qd2 {[%clk
01:28:14]} {[%emt 00:03:36]} Nb6 {[%clk 01:19:34]} {[%emt 00:06:38]} 9. O-O-O
{[%clk 01:18:43]} {[%emt 00:10:01]} Be6 {[%clk 01:16:01]} {[%emt 00:04:03]} 10.
Kb1 {[%clk 01:10:08]} {[%emt 00:09:05]} Qd7 {[%clk 01:14:23]} {[%emt 00:02:07]}
11. Nd4 {[%clk 01:05:07]} {[%emt 00:05:32]} Bc4 {[%clk 01:04:58]} {[%emt
00:09:55]} 12. Bd3 {[%clk 01:00:02]} {[%emt 00:05:35]} Bxd3 {[%clk 01:05:15]}
{[%emt 00:00:13]} 13. Qxd3 {[%clk 01:00:22]} {[%emt 00:00:09]} g6 {[%clk
01:05:05]} {[%emt 00:00:40]} 14. h4 {[%clk 00:50:52]} {[%emt 00:10:00]} O-O-O
{[%clk 01:05:12]} {[%emt 00:00:24]} 15. f3 {[%clk 00:47:30]} {[%emt 00:03:53]}
Rde8 {[%clk 01:04:44]} {[%emt 00:00:58]} 16. Bf2 {[%clk 00:43:57]} {[%emt
00:04:02]} Bf6 {[%clk 01:00:16]} {[%emt 00:04:58]} 17. h5 {[%clk 00:42:02]}
{[%emt 00:02:26]} Re7 {[%clk 00:54:43]} {[%emt 00:06:02]} 18. hxg6 {[%clk
00:36:17]} {[%emt 00:06:14]} fxg6 {[%clk 00:54:17]} {[%emt 00:00:57]} 19. Nb3
{[%clk 00:31:57]} {[%emt 00:04:50]} Rhe8 {[%clk 00:54:09]} {[%emt 00:00:37]}
20. Nc1 {[%clk 00:30:25]} {[%emt 00:02:03]} Bg5 {[%clk 00:53:28]} {[%emt
00:01:11]} 21. g3 {[%clk 00:28:14]} {[%emt 00:02:42]} Be3 {[%clk 00:48:22]}
{[%emt 00:05:35]} 22. Bxe3 {[%clk 00:24:12]} {[%emt 00:04:31]} Rxe3 {[%clk
00:48:45]} {[%emt 00:00:07]} 23. Qf1 {[%clk 00:24:40]} {[%emt 00:00:03]} Rf8
{[%clk 00:30:17]} {[%emt 00:18:58]} 24. Rd3 {[%clk 00:22:26]} {[%emt 00:02:44]}
Nc4 {[%clk 00:24:25]} {[%emt 00:06:21]} 25. Rxe3 {[%clk 00:15:58]} {[%emt
00:06:58]} Nd2+ {[%clk 00:24:25]} {[%emt 00:00:29]} 26. Ka1 {[%clk 00:16:22]}
{[%emt 00:00:07]} Nxf1 {[%clk 00:24:52]} {[%emt 00:00:03]} 27. Rxf1 {[%clk
00:16:48]} {[%emt 00:00:04]} Re8 {[%clk 00:13:18]} {[%emt 00:12:04]} 28. Rxe8+
{[%clk 00:11:38]} {[%emt 00:05:41]} Qxe8 {[%clk 00:13:47]} 29. b3 {[%clk
00:11:50]} {[%emt 00:00:18]} Qe5 {[%clk 00:13:37]} {[%emt 00:00:38]} 30. Kb2
{[%clk 00:10:39]} {[%emt 00:01:42]} Qxg3 {[%clk 00:13:55]} {[%emt 00:00:12]}
31. Nd3 {[%clk 00:10:36]} {[%emt 00:00:33]} h5 {[%clk 00:13:51]} {[%emt
00:00:34]} 32. f4 {[%clk 00:05:27]} {[%emt 00:05:39]} Qg4 {[%clk 00:09:09]}
{[%emt 00:05:11]} 33. Nb4 {[%clk 00:00:33]} {[%emt 00:05:24]} h4 {[%clk
00:06:54]} {[%emt 00:02:45]} 34. Nd5 {[%clk 00:00:31]} {[%emt 00:00:32]} Qg2
{[%clk 00:04:26]} {[%emt 00:02:57]} 35. Rd1 {[%clk 00:00:33]} {[%emt 00:00:29]}
h3 {[%clk 00:03:39]} {[%emt 00:01:17]} 36. c4 {[%clk 00:00:36]} {[%emt
00:00:27]} h2 {[%clk 00:03:45]} {[%emt 00:00:24]} 37. Re1 {[%clk 00:00:59]}
{[%emt 00:00:07]} h1=Q {[%clk 00:03:42]} {[%emt 00:00:31]} 38. Re8+ {[%clk
00:00:36]} {[%emt 00:00:55]} Kd7 {[%clk 00:04:01]} {[%emt 00:00:12]} 39. Nf6+
{[%clk 00:01:04]} {[%emt 00:00:01]} Kc6 {[%clk 00:04:17]} {[%emt 00:00:11]} 40.
b4 {[%clk 00:00:53]} {[%emt 00:00:43]} Qhh2 {[%clk 00:02:38]} {[%emt 00:02:09]}
0-1

[Event "ODJM B 2024"]
[Site "Willingen GER"]
[Date "2024.05.24"]
[Round "8"]
[White "Grunert, Heinrich"]
[Black "Wang, Kaiwen"]
[Result "0-1"]
[Termination "normal"]
[Board "29"]
[WhiteElo "1668"]
[BlackElo "1701"]
[WhiteClock "00:02:51"]
[BlackClock "00:31:49"]
[PlyCount "92"]
[WhiteFideId "16213416"]
[BlackFideId "16279514"]
[EventCountry "GER"]
[EventRounds "9"]
[EventType "swiss"]
[EventDate "2024.05.18"]

1. e4 {[%clk 01:30:59]} {[%emt 15:09:46]} e5 {[%clk 01:30:51]} {[%emt
00:00:09]} 2. Nf3 {[%clk 01:31:24]} {[%emt 00:00:06]} Nc6 {[%clk 01:31:14]}
{[%emt 00:00:06]} 3. Bb5 {[%clk 01:31:49]} {[%emt 00:00:05]} Nf6 {[%clk
01:31:31]} {[%emt 00:00:14]} 4. O-O {[%clk 01:32:11]} {[%emt 00:00:08]} Nxe4
{[%clk 01:31:53]} {[%emt 00:00:07]} 5. Re1 {[%clk 01:32:33]} {[%emt 00:00:08]}
Nd6 {[%clk 01:32:09]} {[%emt 00:00:15]} 6. a4 {[%clk 01:32:48]} {[%emt
00:00:16]} Be7 {[%clk 01:31:12]} {[%emt 00:01:26]} 7. Nc3 {[%clk 01:32:49]}
{[%emt 00:00:29]} f6 {[%clk 01:30:21]} {[%emt 00:01:21]} 8. d4 {[%clk
01:32:06]} {[%emt 00:01:14]} Nxd4 {[%clk 01:29:58]} {[%emt 00:00:52]} 9. Nxd4
{[%clk 01:31:13]} {[%emt 00:01:23]} exd4 {[%clk 01:30:18]} {[%emt 00:00:11]}
10. Nd5 {[%clk 01:29:58]} {[%emt 00:01:44]} Nf5 {[%clk 01:29:03]} {[%emt
00:01:45]} 11. Bd3 {[%clk 01:04:58]} {[%emt 00:25:31]} c6 {[%clk 01:28:05]}
{[%emt 00:01:28]} 12. Bxf5 {[%clk 00:57:29]} {[%emt 00:07:58]} cxd5 {[%clk
01:28:15]} {[%emt 00:00:20]} 13. Qxd4 {[%clk 00:55:15]} {[%emt 00:02:44]} d6
{[%clk 01:24:29]} {[%emt 00:04:16]} 14. Qxd5 {[%clk 00:53:00]} {[%emt
00:02:44]} Bxf5 {[%clk 01:23:22]} {[%emt 00:01:37]} 15. Qxf5 {[%clk 00:53:24]}
{[%emt 00:00:07]} Qd7 {[%clk 01:20:09]} {[%emt 00:03:43]} 16. Qe4 {[%clk
00:49:26]} {[%emt 00:04:27]} O-O {[%clk 01:19:50]} {[%emt 00:00:48]} 17. Bf4
{[%clk 00:47:34]} {[%emt 00:02:24]} Rae8 {[%clk 01:17:27]} {[%emt 00:02:53]}
18. Qe6+ {[%clk 00:45:54]} {[%emt 00:02:10]} Qxe6 {[%clk 01:17:45]} {[%emt
00:00:11]} 19. Rxe6 {[%clk 00:46:22]} {[%emt 00:00:02]} d5 {[%clk 01:16:41]}
{[%emt 00:01:35]} 20. Rae1 {[%clk 00:35:34]} {[%emt 00:11:17]} Kf7 {[%clk
01:16:33]} {[%emt 00:00:39]} 21. Kf1 {[%clk 00:34:47]} {[%emt 00:01:16]} Bc5
{[%clk 01:15:16]} {[%emt 00:01:47]} 22. Rxe8 {[%clk 00:34:10]} {[%emt
00:01:07]} Rxe8 {[%clk 01:15:38]} {[%emt 00:00:08]} 23. Rxe8 {[%clk 00:34:38]}
{[%emt 00:00:02]} Kxe8 {[%clk 01:16:00]} {[%emt 00:00:08]} 24. Ke2 {[%clk
00:33:53]} {[%emt 00:01:15]} Kd7 {[%clk 01:12:44]} {[%emt 00:03:47]} 25. f3
{[%clk 00:32:10]} {[%emt 00:02:13]} Bd4 {[%clk 01:10:26]} {[%emt 00:02:47]} 26.
b3 {[%clk 00:31:54]} {[%emt 00:00:47]} Be5 {[%clk 01:10:14]} {[%emt 00:00:42]}
27. Ke3 {[%clk 00:29:28]} {[%emt 00:02:55]} g5 {[%clk 01:10:11]} {[%emt
00:00:34]} 28. Bg3 {[%clk 00:28:38]} {[%emt 00:01:20]} Ke6 {[%clk 01:00:22]}
{[%emt 00:10:19]} 29. Bxe5 {[%clk 00:26:24]} {[%emt 00:02:44]} fxe5 {[%clk
01:00:18]} {[%emt 00:00:34]} 30. g4 {[%clk 00:26:08]} {[%emt 00:00:46]} Kd6
{[%clk 00:59:51]} {[%emt 00:00:56]} 31. b4 {[%clk 00:20:16]} {[%emt 00:06:22]}
b6 {[%clk 00:56:02]} {[%emt 00:04:19]} 32. c3 {[%clk 00:19:52]} {[%emt
00:00:54]} a5 {[%clk 00:54:35]} {[%emt 00:01:57]} 33. Kd3 {[%clk 00:17:52]}
{[%emt 00:02:29]} Kc6 {[%clk 00:54:30]} {[%emt 00:00:36]} 34. Kc2 {[%clk
00:09:39]} {[%emt 00:08:43]} b5 {[%clk 00:36:36]} {[%emt 00:18:23]} 35. Kb3
{[%clk 00:08:34]} {[%emt 00:01:35]} bxa4+ {[%clk 00:31:28]} {[%emt 00:05:39]}
36. Kxa4 {[%clk 00:08:23]} {[%emt 00:00:40]} e4 {[%clk 00:30:10]} {[%emt
00:01:48]} 37. fxe4 {[%clk 00:02:38]} {[%emt 00:06:15]} dxe4 {[%clk 00:30:27]}
{[%emt 00:00:13]} 38. Kxa5 {[%clk 00:01:42]} {[%emt 00:01:27]} e3 {[%clk
00:29:57]} {[%emt 00:01:00]} 39. Ka6 {[%clk 00:01:24]} {[%emt 00:00:47]} e2
{[%clk 00:30:07]} {[%emt 00:00:20]} 40. b5 {[%clk 00:01:41]} {[%emt 00:00:13]}
Kc5 {[%clk 00:30:31]} {[%emt 00:00:06]} 41. b6 {[%clk 00:01:46]} {[%emt
00:00:26]} e1=Q {[%clk 00:30:52]} {[%emt 00:00:08]} 42. Ka7 {[%clk 00:01:33]}
{[%emt 00:00:43]} Qa1+ {[%clk 00:30:49]} {[%emt 00:00:33]} 43. Kb7 {[%clk
00:01:43]} {[%emt 00:00:19]} Qb2 {[%clk 00:31:09]} {[%emt 00:00:10]} 44. Ka8
{[%clk 00:02:06]} {[%emt 00:00:07]} Qxb6 {[%clk 00:31:29]} {[%emt 00:00:10]}
45. h4 {[%clk 00:02:27]} {[%emt 00:00:10]} Kc6 {[%clk 00:31:53]} {[%emt
00:00:06]} 46. hxg5 {[%clk 00:02:51]} {[%emt 00:00:05]} Qb7# {[%clk 00:31:49]}
{[%emt 00:00:04]} 0-1

[Event "ODJM B 2024"]
[Site "Willingen GER"]
[Date "2024.05.24"]
[Round "8"]
[White "Reger, Christoph"]
[Black "Malan, Jan-Willem"]
[Result "1-0"]
[Termination "normal"]
[Board "30"]
[WhiteElo "1623"]
[BlackElo "1664"]
[WhiteClock "00:04:08"]
[BlackClock "00:04:47"]
[PlyCount "79"]
[WhiteFideId "16287606"]
[BlackFideId "34624260"]
[EventCountry "GER"]
[EventRounds "9"]
[EventType "swiss"]
[EventDate "2024.05.18"]

1. d4 {[%clk 01:30:59]} c5 {[%clk 01:30:50]} {[%emt 00:00:12]} 2. d5 {[%clk
01:31:24]} {[%emt 00:00:04]} d6 {[%clk 01:31:11]} {[%emt 00:00:09]} 3. e4
{[%clk 01:31:46]} {[%emt 00:00:08]} g6 {[%clk 01:31:29]} {[%emt 00:00:12]} 4.
Nc3 {[%clk 01:31:54]} {[%emt 00:00:22]} Bg7 {[%clk 01:31:42]} {[%emt 00:00:17]}
5. Be2 {[%clk 01:31:33]} {[%emt 00:00:50]} Nf6 {[%clk 01:31:17]} {[%emt
00:00:56]} 6. Nf3 {[%clk 01:31:08]} {[%emt 00:00:54]} O-O {[%clk 01:30:53]}
{[%emt 00:00:55]} 7. h4 {[%clk 01:30:54]} {[%emt 00:00:43]} h5 {[%clk
01:30:35]} {[%emt 00:00:49]} 8. Nh2 {[%clk 01:31:03]} {[%emt 00:00:21]} Nbd7
{[%clk 01:23:34]} {[%emt 00:07:32]} 9. g4 {[%clk 01:15:28]} {[%emt 00:16:04]}
hxg4 {[%clk 01:22:19]} {[%emt 00:01:45]} 10. Nxg4 {[%clk 01:13:58]} {[%emt
00:01:59]} Nxg4 {[%clk 01:21:52]} {[%emt 00:00:58]} 11. Bxg4 {[%clk 01:14:21]}
{[%emt 00:00:07]} Nf6 {[%clk 01:20:34]} {[%emt 00:01:48]} 12. Bf3 {[%clk
01:12:35]} {[%emt 00:02:15]} Nd7 {[%clk 01:05:04]} {[%emt 00:16:01]} 13. h5
{[%clk 01:08:01]} {[%emt 00:05:04]} Ne5 {[%clk 01:03:34]} {[%emt 00:02:01]} 14.
Be2 {[%clk 00:57:02]} {[%emt 00:11:28]} Qd7 {[%clk 00:44:11]} {[%emt 00:19:54]}
15. Be3 {[%clk 00:37:49]} {[%emt 00:19:42]} Ng4 {[%clk 00:37:18]} {[%emt
00:07:22]} 16. Qd2 {[%clk 00:32:56]} {[%emt 00:05:23]} Nxe3 {[%clk 00:30:47]}
{[%emt 00:07:02]} 17. Qxe3 {[%clk 00:31:21]} {[%emt 00:02:05]} e6 {[%clk
00:30:44]} {[%emt 00:00:33]} 18. O-O-O {[%clk 00:28:01]} {[%emt 00:03:49]} Qe7
{[%clk 00:27:14]} {[%emt 00:04:00]} 19. Rhg1 {[%clk 00:19:40]} {[%emt
00:08:51]} Qh4 {[%clk 00:21:16]} {[%emt 00:06:28]} 20. Rh1 {[%clk 00:12:12]}
{[%emt 00:07:59]} Qe7 {[%clk 00:18:07]} {[%emt 00:03:39]} 21. Rdg1 {[%clk
00:12:02]} {[%emt 00:00:39]} Qe8 {[%clk 00:15:40]} {[%emt 00:02:57]} 22. Nb5
{[%clk 00:10:39]} {[%emt 00:01:53]} Rb8 {[%clk 00:09:55]} {[%emt 00:06:15]} 23.
Nxd6 {[%clk 00:08:09]} {[%emt 00:02:59]} Qd8 {[%clk 00:06:30]} {[%emt
00:03:55]} 24. e5 {[%clk 00:08:06]} {[%emt 00:00:34]} exd5 {[%clk 00:06:18]}
{[%emt 00:00:42]} 25. h6 {[%clk 00:06:31]} {[%emt 00:02:04]} d4 {[%clk
00:04:38]} {[%emt 00:02:10]} 26. Qg3 {[%clk 00:06:37]} {[%emt 00:00:23]} Bf6
{[%clk 00:03:40]} {[%emt 00:01:30]} 27. Bc4 {[%clk 00:04:26]} {[%emt 00:02:41]}
Bg5+ {[%clk 00:02:58]} {[%emt 00:01:12]} 28. Qxg5 {[%clk 00:04:33]} {[%emt
00:00:23]} Qxg5+ {[%clk 00:03:25]} {[%emt 00:00:03]} 29. Rxg5 {[%clk 00:04:55]}
{[%emt 00:00:07]} Kh7 {[%clk 00:03:41]} {[%emt 00:00:14]} 30. Bxf7 {[%clk
00:04:52]} {[%emt 00:00:32]} Bf5 {[%clk 00:03:38]} {[%emt 00:00:34]} 31. Bd5
{[%clk 00:04:23]} {[%emt 00:00:59]} Bd7 {[%clk 00:02:43]} {[%emt 00:01:26]} 32.
Be4 {[%clk 00:03:23]} {[%emt 00:01:29]} Rg8 {[%clk 00:02:48]} {[%emt 00:00:26]}
33. Rhg1 {[%clk 00:03:10]} {[%emt 00:00:42]} Kxh6 {[%clk 00:02:56]} {[%emt
00:00:23]} 34. Nf7+ {[%clk 00:02:35]} {[%emt 00:01:05]} Kh7 {[%clk 00:03:04]}
{[%emt 00:00:22]} 35. Bxg6+ {[%clk 00:02:38]} {[%emt 00:00:26]} Kg7 {[%clk
00:03:27]} {[%emt 00:00:07]} 36. Be4+ {[%clk 00:02:31]} {[%emt 00:00:37]} Kxf7
{[%clk 00:03:28]} {[%emt 00:00:30]} 37. Bd5+ {[%clk 00:02:57]} {[%emt
00:00:04]} Be6 {[%clk 00:03:52]} {[%emt 00:00:06]} 38. Bxe6+ {[%clk 00:03:20]}
{[%emt 00:00:07]} Kxe6 {[%clk 00:04:20]} {[%emt 00:00:02]} 39. Rxg8 {[%clk
00:03:44]} {[%emt 00:00:06]} Rxg8 {[%clk 00:04:47]} {[%emt 00:00:03]} 40. Rxg8
{[%clk 00:04:08]} {[%emt 00:00:05]} 1-0